000 00220 a2200109 4500
001 50774
040 _cAnchieta - Pituba
240 1 0 _aDom Casmuro
_l
245 1 0 _aDom Casmuro
650 4 _aFicção brasileira
942 _cMU
999 _c50774
_d50774